000 00328nam a22001457a 4500
003 OSt
020 _aNA
040 _c0
082 _222
_a627
100 _aChalla, Satya. and Narayana, Murty.
245 _aWater resources engineering /
260 _aIndia,
_bNew Age,
_cc2002.
300 _a299p. ;
_bill. ;
942 _2ddc
_cCIVIL
999 _c5295
_d5295